Ročenka FiF UK akademický rok ...

Bibliographic Details
Corporate Author: Univerzita Komenského v Bratislave. Filozofická fakulta
Format: Serial
Language:Slovak
PhysicalDescription:zv. 20 cm
Published: Bratislava Univerzita Komenského
ISBN:9788022323390 (brož. : 2007/2008)
9788022325059 (brož. : 2008/2009)
9788022326766 (brož. : 2009/2010)
9788022332446 (brož. : 2012/2013)
9788022334198 (brož. : 2013/2014)
9788022330510 (brož. : 2011/2012)
9788022336352 (brož. : 2014/2015)
9788022328692 (brož. : 2010/2011)
80-223-2216-4 (brož. : 2006/2007 : časť 1)
80-223-2217-2 (brož. : 2006/2007 : časť 2)
Subjects:

MARC

LEADER 00000cas a2200000 a 4500
001 vtls010451482
003 SK-MaSNL
005 20260228160344.0
008 160914c200u9999xo ar| 000 b0slo
015 |a SNBB2016-(r. 2006/2007, r. 2007/2008, r. 2008/2009, r. 2009/2010, r. 2010/2011, r. 2011/2012, r. 2012/2013, r. 2013/2014, r. 2014/2015) 
020 |a 9788022323390 (brož. : 2007/2008) 
020 |a 9788022325059 (brož. : 2008/2009) 
020 |a 9788022326766 (brož. : 2009/2010) 
020 |a 9788022332446 (brož. : 2012/2013) 
020 |a 9788022334198 (brož. : 2013/2014) 
020 |a 9788022330510 (brož. : 2011/2012) 
020 |a 9788022336352 (brož. : 2014/2015) 
020 |a 9788022328692 (brož. : 2010/2011) 
020 |a 80-223-2216-4 (brož. : 2006/2007 : časť 1) 
020 |a 80-223-2217-2 (brož. : 2006/2007 : časť 2) 
040 |a SVKBB  |b slo  |c SVKBB  |d SNK  |e AACR2 
041 0 |a slo 
043 |a e-xo--- 
044 |a xo  |c SK 
072 7 |a 378  |x Vysoké školy  |2 konspekt 
080 |a 378.4  |2 2011 
080 |a 378.096-029:1  |2 2001 
080 |a (058)  |2 2001 
080 |a 37.091.3  |2 2011 
080 |a (437.6)  |2 2011 
080 |a (036)  |2 2011 
080 |a (073)  |2 2011 
110 2 |a Univerzita Komenského v Bratislave.  |b Filozofická fakulta 
245 1 0 |a Ročenka FiF UK  |b akademický rok ...  |c Univerzita Komenského v Bratislave, Filozofická fakulta 
260 |a Bratislava  |b Univerzita Komenského 
300 |a zv.  |c 20 cm 
310 |a 1x ročne 
500 |a Súčasťou podnázvu je označenie akademického roku 
500 |a Popis podľa: R. 2007/2008 (vydané v r. 2007) 
500 |a R. 2006/2007 vyšiel v dvoch častiach 
504 |a Poznámky ; zoznamy 
650 0 7 |a univerzity  |2 SNKPH  |9 22152 
650 0 7 |a filozofické fakulty  |2 SNKPH  |9 221054 
650 0 7 |a štúdium a výučba  |2 SNKPH  |9 3982 
650 0 7 |a Universities  |2 SNKPHeng  |9 265407 
650 0 7 |a Study and teaching  |2 SNKPHeng  |9 265408 
650 0 7 |a Faculties of letters  |2 SNKPHeng  |9 266182 
655 7 |a ročenky  |2 SVKBBPH  |9 57146 
655 7 |a Yearbooks  |2 SNKPHeng  |9 120938 
655 7 |a informačné publikácie  |2 SNKPH  |9 70181 
655 7 |a študijné programy  |2 SNKPH  |9 265409 
655 7 |a Information publications  |2 SNKPHeng  |9 265188 
655 7 |a Educational programs  |2 SNKPHeng  |9 265410 
852 |a Štátna vedecká knižnica v Banskej Bystrici 
910 |a snk 
910 |a 80-223-2216-4 
910 |a 80-223-2217-2 
919 |a 978-80-223-2339-0 
919 |a 978-80-223-2505-9 
919 |a 978-80-223-2676-6 
919 |a 978-80-223-2869-2 
919 |a 978-80-223-3051-0 
919 |a 978-80-223-3635-2 
919 |a 978-80-223-3244-6 
919 |a 978-80-223-3419-8 
999 |c 2245  |d 4175 
952 |0 0  |1 0  |4 0  |7 0  |8 0  |a SNK  |b SNK  |d 2016-09-13  |i snk2016/21323  |l 0  |o snkČSC 3644/2007-2008  |p 17A1203062  |r 2026-02-21 22:03:21  |w 2026-02-21  |y PREZ 
952 |0 0  |1 0  |4 0  |7 0  |8 0  |a SNK  |b SNK  |d 2016-09-13  |i snk2016/21324  |l 0  |o snkČSC 3644/2007-2008 D1  |p 17A1203063  |r 2026-02-21 22:03:21  |w 2026-02-21  |y PREZ 
952 |0 0  |1 0  |4 0  |7 0  |8 0  |a SNK  |b SNK  |d 2016-09-13  |i snk2016/21325  |l 0  |o snkČSC 3644/2008-2009  |p 17A1203064  |r 2026-02-21 22:03:24  |w 2026-02-21  |y PREZ 
952 |0 0  |1 0  |4 0  |7 0  |8 0  |a SNK  |b SNK  |d 2016-09-13  |i snk2016/21326  |l 0  |o snkČSC 3644/2008-2009 D1  |p 17A1203065  |r 2026-02-21 22:03:24  |w 2026-02-21  |y PREZ 
952 |0 0  |1 0  |4 0  |7 0  |8 0  |a SNK  |b SNK  |d 2016-09-13  |i snk2016/21327  |l 0  |o snkČSC 3644/2009-2010  |p 17A1203066  |r 2026-02-21 22:03:24  |w 2026-02-21  |y PREZ 
952 |0 0  |1 0  |4 0  |7 0  |8 0  |a SNK  |b SNK  |d 2016-09-13  |i snk2016/21328  |l 0  |o snkČSC 3644/2009-2010 D1  |p 17A1203067  |r 2026-02-21 22:03:24  |w 2026-02-21  |y PREZ 
952 |0 0  |1 0  |4 0  |7 0  |8 0  |a SNK  |b SNK  |d 2016-09-13  |i snk2016/21329  |l 0  |o snkČSC 3644/2010-2011  |p 17A1203068  |r 2026-02-21 22:03:24  |w 2026-02-21  |y PREZ 
952 |0 0  |1 0  |4 0  |7 0  |8 0  |a SNK  |b SNK  |d 2016-09-13  |i snk2016/21330  |l 0  |o snkČSC 3644/2010-2011 D1  |p 17A1203069  |r 2026-02-21 22:03:24  |w 2026-02-21  |y PREZ 
952 |0 0  |1 0  |4 0  |7 0  |8 0  |a SNK  |b SNK  |d 2016-09-13  |i snk2016/21331  |l 0  |o snkČSC 3644/2011-2012  |p 17A1203070  |r 2026-02-21 22:03:24  |w 2026-02-21  |y PREZ 
952 |0 0  |1 0  |4 0  |7 0  |8 0  |a SNK  |b SNK  |d 2016-09-13  |i snk2016/21332  |l 0  |o snkČSC 3644/2012-2013  |p 17A1203072  |r 2026-02-21 22:03:24  |w 2026-02-21  |y PREZ 
952 |0 0  |1 0  |4 0  |7 0  |8 0  |a SNK  |b SNK  |d 2016-09-13  |i snk2016/21333  |l 0  |o snkČSC 3644/2012-2013 D1  |p 17A1203073  |r 2026-02-21 22:03:24  |w 2026-02-21  |y PREZ 
952 |0 0  |1 0  |4 0  |7 0  |8 0  |a SNK  |b SNK  |d 2016-09-13  |i snk2016/21334  |l 0  |o snkČSC 3644/2011-2012 D1  |p 17A1203071  |r 2026-02-21 22:03:24  |w 2026-02-21  |y PREZ 
952 |0 0  |1 0  |4 0  |7 0  |8 0  |a SNK  |b SNK  |d 2016-09-13  |i snk2016/21338  |l 0  |o snkČSC 3644/2013-2014  |p 17A1203074  |r 2026-02-21 22:03:24  |w 2026-02-21  |y PREZ 
952 |0 0  |1 0  |4 0  |7 0  |8 0  |a SNK  |b SNK  |d 2016-09-13  |i snk2016/21339  |l 0  |o snkČSC 3644/2013-2014 D1  |p 17A1203075  |r 2026-02-21 22:03:24  |w 2026-02-21  |y PREZ 
952 |0 0  |1 0  |4 0  |7 0  |8 0  |a SNK  |b SNK  |d 2016-09-13  |i snk2016/21340  |l 0  |o snkČSC 3644/2014-2015  |p 17A1203076  |r 2026-02-21 22:03:24  |w 2026-02-21  |y PREZ 
952 |0 0  |1 0  |4 0  |7 0  |8 0  |a SNK  |b SNK  |d 2016-09-13  |i snk2016/21341  |l 0  |o snkČSC 3644/2014-2015 D1  |p 17A1203077  |r 2026-02-21 22:03:24  |w 2026-02-21  |y PREZ 
952 |0 0  |1 0  |4 0  |7 0  |8 0  |a SNK  |b SNK  |d 2016-10-04  |i snk2016/22994  |l 0  |o snkČSC 3644/2006/2007/1  |p 17A1203494  |r 2026-02-21 22:09:45  |w 2026-02-21  |y PREZ  |z 1. časť - magisterské študijné odbory  
952 |0 0  |1 0  |4 0  |7 0  |8 0  |a SNK  |b SNK  |d 2016-10-04  |i snk2016/22995  |l 0  |o snkČSC 3644/2006/2007/1 D1  |p 17A1203496  |r 2026-02-21 22:09:45  |w 2026-02-21  |y PREZ  |z 1. časť - magisterské študijné odbory  
952 |0 0  |1 0  |4 0  |7 0  |8 0  |a SNK  |b SNK  |d 2016-10-04  |i snk2016/22997  |l 0  |o snkČSC 3644/2006-2007/2  |p 17A1203495  |r 2026-02-21 22:09:46  |w 2026-02-21  |y PREZ  |z 2. časť - bakalárske študijné odbory 
952 |0 0  |1 0  |4 0  |7 0  |8 0  |a SNK  |b SNK  |d 2016-10-04  |i snk2016/22998  |l 0  |o snkČSC 3644/2006-2007/2 D1  |p 17A1203497  |r 2026-02-21 22:09:46  |w 2026-02-21  |y PREZ  |z 2. časť - bakalárske študijné odbory